00450cam a22001337a 4500008004000000020001500040082001300055245012900068260002400197300001000221650004800231700001700279700002000296180718b1999 xxu||||| |||| 00| 0 eng d a8122005446 aDx5 D851 aSouth Asia and its Eastern neighbours: building a relationship in the 21st centurycedited by Muchkund Dubey and Nancy Jetly aKonarkbDelhic1999 a291p. aSouth Asia --Foreign relations --Congresses aJetly, Nancy aDubey, Muchkund